Demonstrating property's value to the business (Record no. 79474)

MARC details
000 -LEADER
fixed length control field 00962cab a22002055a 4500
001 - CONTROL NUMBER
control field L141367
008 - FIXED-LENGTH DATA ELEMENTS--GENERAL INFORMATION
fixed length control field 071119s2007 xxkad f s 000 0 eng d
035 ## - SYSTEM CONTROL NUMBER
System control number (Sirsi) u141367
041 0# - LANGUAGE CODE
Language code of text/sound track or separate title eng
100 1# - MAIN ENTRY--PERSONAL NAME
Personal name Le Poidevin, Jackie
245 00 - TITLE STATEMENT
Title Demonstrating property's value to the business
260 ## - PUBLICATION, DISTRIBUTION, ETC.
Date of publication, distribution, etc. 2007
490 #0 - SERIES STATEMENT
Series statement Facilities Management
Volume/sequential designation 15(2) November 2007, 10-13(4)
520 ## - SUMMARY, ETC.
Summary, etc. Reports on how to measure the contribution of property and facilities to business performance. Includes benchmarking and how to interpret benchmarking data, better management of estates and identifying ways of improving high-cost buildings. Concludes that creating a case for change is essential and that objective measurement is not always possible or desirable.
590 ## - LOCAL NOTE (RLIN)
Local note ka
651 #4 - SUBJECT ADDED ENTRY--GEOGRAPHIC NAME
Geographic name International
690 ## - LOCAL SUBJECT ADDED ENTRY--TOPICAL TERM (OCLC, RLIN)
Topical term or geographic name as entry element PROPERTY-COMMERCIAL PROPERTY-COMMERCIAL PROPERTY MANAGEMENT
690 ## - LOCAL SUBJECT ADDED ENTRY--TOPICAL TERM (OCLC, RLIN)
Topical term or geographic name as entry element MANAGEMENT-QUALITY MANAGEMENT-PERFORMANCE MEASUREMENT
942 ## - ADDED ENTRY ELEMENTS (KOHA)
Suppress in OPAC 0
Holdings
Withdrawn status Lost status Source of classification or shelving scheme Damaged status Not for loan Home library Current library Shelving location Date acquired Total Checkouts Full call number Barcode Date last seen Copy number Price effective from Koha item type
    Dewey Decimal Classification     London London Journal article 19/11/2007   L141367 141367-1001 06/08/2019 1 06/08/2019 Journal article